000 00580nam a2200181Ia 4500
003 GCL
008 140319s9999 xx 000 0 ara d
040 _aGCL /
_cGCL
082 0 4 _a247
_bم و
100 1 _aمحمد بن الحسن الحر العاملى الس
245 1 0 _aوسائل الشيعة ومستدركاتها /
_cمحمد بن الحسن الحر العاملى الس
300 _a500 ص
490 _aمن فقة العترة الطاهرة
_v0
650 0 4 _aالاسلام
650 0 4 _aعقائد الشيعة
650 0 4 _aالشيعة
942 _2ddc
_cBK
999 _c39636
_d39636